000 00541nam a2200181Ia 4500
003 GCL
008 140319s9999 xx 000 0 eng d
020 _a0679019847
040 _aGCL /
_cGCL
082 0 4 _a914.04
_bJ W
100 1 _aJAROLIM, EDIE
245 1 0 _aTHE WALL STREET JOURNAL GUIDE TO BUSINESS TRAVEL :
_bEUROPE /
_cJAROLIM, EDIE
260 _aنيويورك :
_bFODER'S TRAVEL PUBLICATIONS INC. ،
_c1991
300 _a22 CM ؛
_c787 P
650 0 4 _aEUROPE - GUIDE BOOKS
650 0 4 _aBUSINESS - GUIDE BOOK
942 _2ddc
_cBK
999 _c10181
_d10181